000 00551nam a2200169 a 4500
008 120416s1980 ||||||||||||||||| || u
050 _aHT 321 Mil
100 _aMills, Edwin S
245 1 0 _aUrban economics. (2nd ed.)
250 _a2nd ed.
260 _aGlenview, Ill.:
_bScott, Foreman
_c1980
300 _axi, 241p. : ill.
350 _a0.00
650 0 _aECONOMICS
650 0 _aURBAN ECONOMICS
995 _D0.00
_FCBU-MAIN LIBRARY (Kitwe)
_H1
_I0.00
_M1
_UDAMAGED
_ZMain Library Open Access Collection
999 _c61002
_d61002